<?xml version="1.0" encoding="UTF-8"?>
<record
    xmlns:xsi="http://www.w3.org/2001/XMLSchema-instance"
    xsi:schemaLocation="http://www.loc.gov/MARC21/slim http://www.loc.gov/standards/marcxml/schema/MARC21slim.xsd"
    xmlns="http://www.loc.gov/MARC21/slim">

  <leader>00622nam a2200181Ia 4500</leader>
  <controlfield tag="005">20250508154203.0</controlfield>
  <controlfield tag="008">008  250505s9999    xx            000 0 eng d</controlfield>
  <datafield tag="037" ind1=" " ind2=" ">
    <subfield code="a">Books to be hide in OPAC</subfield>
  </datafield>
  <datafield tag="040" ind1=" " ind2=" ">
    <subfield code="a">FEDL</subfield>
    <subfield code="b">eng</subfield>
    <subfield code="c">FEDL</subfield>
  </datafield>
  <datafield tag="041" ind1=" " ind2=" ">
    <subfield code="a">eng</subfield>
    <subfield code="2">eng</subfield>
  </datafield>
  <datafield tag="084" ind1=" " ind2=" ">
    <subfield code="a">150, AME/O</subfield>
    <subfield code="q">FEDL</subfield>
  </datafield>
  <datafield tag="245" ind1=" " ind2="0">
    <subfield code="a">Psychological monographs. General and applied. Vol 72 No.1, 2  &amp; 10</subfield>
  </datafield>
  <datafield tag="245" ind1=" " ind2="0">
    <subfield code="c">AMERICAN PSYCHOLOGICAL ASSOCIATION</subfield>
  </datafield>
  <datafield tag="260" ind1=" " ind2=" ">
    <subfield code="c">1958</subfield>
  </datafield>
  <datafield tag="546" ind1=" " ind2=" ">
    <subfield code="a">The use of rotter's social learning theory in developing a personality inventory by Shephard Liverant</subfield>
  </datafield>
  <datafield tag="942" ind1=" " ind2=" ">
    <subfield code="c">HB</subfield>
    <subfield code="h">150, AME/O</subfield>
  </datafield>
  <datafield tag="999" ind1=" " ind2=" ">
    <subfield code="c">1348411</subfield>
    <subfield code="d">1348411</subfield>
  </datafield>
  <datafield tag="952" ind1=" " ind2=" ">
    <subfield code="0">0</subfield>
    <subfield code="1">0</subfield>
    <subfield code="4">0</subfield>
    <subfield code="7">0</subfield>
    <subfield code="a">FEDL</subfield>
    <subfield code="b">FEDL</subfield>
    <subfield code="d">2025-05-08</subfield>
    <subfield code="l">0</subfield>
    <subfield code="o">150, AME/O</subfield>
    <subfield code="p">EL0032123</subfield>
    <subfield code="r">2025-05-08 15:42:03</subfield>
    <subfield code="w">2025-05-08</subfield>
    <subfield code="y">HB</subfield>
  </datafield>
</record>
